La casa de la noche: (Registro nro. 12771)

Detalles MARC
000 -LIDER
fixed length control field 01102nam a22003497a 4500
003 - IDENTIFICACDOR DE NÚMERO DE CONTROL
control field DO-SdBNP
005 - DATE AND TIME OF LATEST TRANSACTION
control field 20230222071531.0
008 - ELEMENTOS DE LONGITUD FIJA
fixed length control field 060721 2010 sp spa
017 ## - NÚMERO DE REGISTRO DE DERECHOS DE AUTOR
Copyright or legal deposit number
Assigning agency
020 ## - ISBN
International Standard Book Number 9788498006803
035 ## - NÚMERO LOCAL
System control number
040 ## - FUENTE DE CATALOGACIÓN
Agencia que crea de manera original el registro BPMSU
Idioma de catalogación spa
Agencia que realiza la transcripción BPMSU
Convenciones de la despripción
082 ## - NÚMERO DE CLASIFICACIÓN DECIMAL DE DEWEY
Classification number 813.5
Item number C346c 2010
Edition number 22
092 ## - LOCALLY ASSIGNED DEWEY DECIMAL CALL NUMBER
Número de clasificación
Número de ítem (Cutter)
Número de edición
100 ## - ASIENTO PRINCIPAL -- NOMBRE PERSONAL
Nombre personal Cast, P. C.
Fechas asociadas con el nombre 1960-
Forma completa del nombre
245 10 - MENCIÓN DE TITULO
Título La casa de la noche:
Subtítulo Abrasada /
Mención de responsabilidad P. C. Cast, Kristin Cast ; traducción Laura Rodríguez Manso
Medio (Designación general de material)
260 ## - PUBLICACIÓN, DISTRIBUCIÓN, ETC. (PIE DE IMPRENTA)
Lugar de publicación, distribución, etc Madrid :
Nombre del editor, distribuidor, etc. Pandora,
Fecha de publicación, distribución, etc 2010
Lugar de impresión
Impresor
300 ## - DESCRIPCIÓN FÍSICA
Extensión 283 p. ;
Dimensiones 24 cm.
490 0# - MENCIÓN DE SERIES
Mención de serie La casa de la noche,
Volume/sequential designation 7
500 ## - NOTA GENERAL
Materiales especificados Incluye datos biográficos del autor en la solapa de la cubierta
534 ## - NOTA SOBRE LA VERSIÓN ORIGINAL
Asiento principal del original Título original :
Mención del título original Burned.
590 ## - NOTA LOCAL
Enlace Inventariado, 2021/VM
650 ## - ENCABEZAMIENTO DE MATERIA--TEMÁTICO
Fuente del encabezamiento o término NOVELA INGLESA
650 #4 - ENCABEZAMIENTO DE MATERIA--TEMÁTICO
Fuente del encabezamiento o término MAGIA - NOVELA
650 #4 - ENCABEZAMIENTO DE MATERIA--TEMÁTICO
Término temático o nombre geográfico como elemento de entrada Novela estadounidense.
650 #4 - ENCABEZAMIENTO DE MATERIA--TEMÁTICO
Término temático o nombre geográfico como elemento de entrada Vampiros
Subdivisión de forma Novela.
700 1# - ASIENTO SECUNDARIO -- NOMBRE PERSONAL
Nombre personal Cast, Kristin
Fechas asociadas con el nombre 1986-
Mención de responsabilidad tr.
700 1# - ASIENTO SECUNDARIO -- NOMBRE PERSONAL
Nombre personal Rodríguez Manso, Laura
Mención de responsabilidad traductor
910 ## - VALIDACIÓN
Validación VMateo V. Control de calidad (BPMSU)
942 ## - ADDED ENTRY ELEMENTS (KOHA)
Source of classification or shelving scheme Dewey Decimal Classification
Koha item type Libros
980 ## - EQUIVALENCE OR CROSS-REFERENCE-SERIES STATEMENT--PERSONAL NAME/TITLE [LOCAL, CANADA]
Personal name
--
Numeration
Attribution qualifier
Titles and other words associated with a name
Existencias
Withdrawn status Lost status Source of classification or shelving scheme Damaged status Not for loan Collection code Home library Current library Date acquired Source of acquisition Full call number Barcode Date last seen Price effective from Koha item type
    Dewey Decimal Classification     Colección Juvenil General Biblioteca Pública Metropolitana Salomé Ureña Biblioteca Pública Metropolitana Salomé Ureña 11/07/2017 Compra BPMSU CG 813.5 C346c 2010 BPMSU17110056 11/07/2017 11/07/2017 Libros